| 000 | 00440nam a22001577a 4500 | ||
|---|---|---|---|
| 003 | BD-DhUIB | ||
| 005 | 20251025194000.0 | ||
| 008 | 251025b |||||||| |||| 00| 0 eng d | ||
| 040 |
_aBD-DhUIB _cBD-DhUIB |
||
| 050 | _a658.403 | ||
| 082 | _222 | ||
| 100 |
_aAnderson, David R. _91042 |
||
| 245 |
_aAn introduction to management science: _bquantitative appraches to decision making/ _cby David R. Anderson. |
||
| 526 | _aBBA. | ||
| 942 |
_2ddc _cBK |
||
| 999 |
_c613 _d613 |
||